00339nam a2200085Ia 4500008004100000245007500041260000900116300010100125650002700226180130s9999 xx 000 0 und d cCarney, MichaelaBusiness groups in Asia: an institutional perspective c2014 aBook title: The Oxford handbook of Asian business systems--Acession number C19643; pages 309-331 aBUSINESS SYSTEMS--ASIA